000 00839nam a22002777a 4500
001 BR8403564
003 BR-BrBNA
005 20230928091955.0
007 ta
008 230509b bl.||||| |||| 00| 0 por d
040 _aBR-BrBNA
_bpor
_cBiblioteca Nacional de Agricultura
041 _a(Por)
072 _aE70
_b/G514
090 _ E70 BR8403564
110 1 _aCentrais de Abastecimento de Pernambuco S.A., Recife (Brasil)
_91370
245 1 _aParticipacao e procedencia dos produtos comercializados na Centrais de Abastecimento de Pernambuco S.A. [Brasil]
260 3 _aRecife, PE (Brasil):
_c1984.
300 _a153 p.
500 _aNumerical data
650 _aPRODUTO AGRICOLA
650 _aESTATISTICA COMERCIAL
650 _aPRECO MEDIO
650 _aPERNAMBUCO
909 _a202309
_bLucia
_c55
_dLucia Elande
942 _cBK
999 _c36490
_d36490